000 00414nam a2200157Ia 4500
003 GCL
008 140319s9999 xx 000 0 eng d
040 _aGCL /
_cGCL
082 0 4 _a332.15
_bL E
100 1 _aLAIDI, ZAKI
245 1 0 _aENQUETE SUR LA BANQUE MONDIALA /
_cLAIDI, ZAKI
260 _a[S.N] :
_bFAYARD ،
_c1989
300 _a358 P
650 0 4 _aINTERNATIONAL BANK FOR RECONSTRUCTION
942 _2ddc
_cBK
999 _c24763
_d24763